[Event "Hunan Belt and Road Open 2019"]
[Site "Hunan"]
[Date "2019.07.31"]
[Round "3.11"]
[White "Chu, Wei Chao"]
[Black "Deac, Bogdan-Daniel"]
[Result "1/2-1/2"]
[WhiteElo "2406"]
[BlackElo "2621"]
[Annotator "TA"]
[PlyCount "53"]
[EventDate "2019.07.29"]
[EventType "swiss"]
[EventCountry "CHN"]
[SourceTitle "playchess.com"]
[Source "ChessBase"]
[SourceQuality "1"]

{[%evp 18,53,10,15,11,10,15,15,15,10,17,8,6,19,7,12,12,12,6,9,8,0,0,0,0,0,0,0,0,0,0,0,0,0,0,0,0,0]} 1. d4 Nf6 2. c4 e6 3. Nf3 d5 4. g3 Be7 5. Bg2 O-O 6. O-O Nbd7 7. Qc2 c6 8. Nbd2 b6 9. e4 dxc4 10. Nxc4 {The position is equal.} Bb7 $1 {E09: Closed Catalan: Main Line: 7 Qc2 c6 8 Nbd2} 11. Bf4 (11. Bg5 b5 12. Bxf6 Nxf6 13. Ncd2 Rc8 14. e5 Nd7 15. a4 {½-½ (15) Swiercz,D (2649)-Cori Tello,J (2660) Columbus 2017}) 11... c5 12. Rfe1 cxd4 13. Nd6 $1 {[%cal Rd6b7]} d3 14. Qxd3 Bxd6 15. Bxd6 {And now e5 would win.} Bxe4 16. Qd4 e5 $1 {[%cal Re5d4]} 17. Nxe5 Nxe5 18. Bxe4 $146 ({Predecessor:} 18. Bxe5 Bxg2 19. Kxg2 Qxd4 20. Bxd4 {½-½ (59) Nester,I (2337)-Plenca,J (2475) Zadar 2018}) 18... Nxe4 19. Qxe4 Qxd6 20. Qxe5 Qxe5 21. Rxe5 Rfe8 22. Rxe8+ Rxe8 $11 {KR-KR} 23. Rc1 g6 24. Rc7 Re2 25. Rxa7 Rxb2 26. a4 b5 27. axb5 {Accuracy: White = 90%, Black = 89%.} 1/2-1/2

[Event "Hunan Belt and Road Open 2019"]
[Site "Hunan"]
[Date "2019.07.31"]
[Round "3.12"]
[White "Le, Quang Liem"]
[Black "Liu, Yan"]
[Result "1/2-1/2"]
[WhiteElo "2713"]
[BlackElo "2516"]
[Annotator "TA"]
[PlyCount "86"]
[EventDate "2019.07.29"]
[EventType "swiss"]
[EventCountry "CHN"]
[SourceTitle "playchess.com"]
[Source "ChessBase"]
[SourceQuality "1"]

{[%evp 15,86,33,38,26,34,23,25,25,37,27,27,21,18,22,26,17,29,25,36,26,20,17,43,38,43,50,40,33,42,12,31,6,21,37,22,10,33,0,25,8,24,0,54,43,59,8,6,6,16,0,0,0,0,-16,-14,-14,-14,-15,0,-35,-39,-22,-49,-60,-17,-12,0,-8,0,0,0,0,0]} 1. e4 e5 2. Nf3 Nf6 3. Nxe5 d6 4. Nf3 Nxe4 5. Nc3 Nxc3 6. dxc3 Be7 7. Be3 Nc6 8. Qd2 Be6 9. O-O-O {C42: Petroff Defence: 3 Nxe5 and unusual White 3rd moves} Qd7 ({Don't blunder} 9... Bxa2 $2 10. b3 $18) 10. a3 Bf6 11. h4 {White has an edge.} h6 12. Nd4 Bxd4 13. Bxd4 {[#]} Rg8 $146 ({Predecessor:} 13... f6 14. c4 O-O-O 15. Bc3 Rhe8 16. f3 Qf7 {1-0 (56) Dominguez Perez,L (2726)-Wang,Y (2720) Beijing 2014}) 14. Be3 O-O-O 15. b3 Kb8 16. Kb2 Ne5 17. h5 f6 18. Rh4 c5 19. Bf4 Ka8 20. Bg3 Rge8 21. Re1 Bf7 22. f4 Nc6 23. Be2 d5 24. Bf2 d4 {[#] Strongly threatening ...dxc3+.} 25. c4 Ne7 {[%cal Bc6e7,Be7c8,Bc8d6][%mdl 32]} 26. Bg4 Qc7 27. Rhh1 Nc8 28. Rxe8 Rxe8 (28... Bxe8 $11 29. Re1 Bc6) 29. Re1 $14 Nd6 30. Rxe8+ (30. Bf3 $14) 30... Bxe8 $11 31. Qe2 Bc6 32. Qe6 a5 33. g3 a4 34. Be1 axb3 35. cxb3 Ka7 36. a4 b6 37. Kc1 Bb7 38. Bd1 Bc8 39. Qe2 Bf5 40. g4 {The position is equal.} Be4 41. f5 {[#] Threatens to win with Bg3.} Qc6 42. Bc2 Bxc2 43. Kxc2 Ka6 {Accuracy: White = 60%, Black = 52%.} 1/2-1/2

[Event "Hunan Belt and Road Open 2019"]
[Site "Hunan"]
[Date "2019.07.31"]
[Round "3.13"]
[White "Amin, Bassem"]
[Black "Lei, Tingjie"]
[Result "1-0"]
[WhiteElo "2707"]
[BlackElo "2505"]
[Annotator "TA"]
[PlyCount "141"]
[EventDate "2019.07.29"]
[EventType "swiss"]
[EventCountry "CHN"]
[SourceTitle "playchess.com"]
[Source "ChessBase"]
[SourceQuality "1"]

{[%evp 27,143,0,8,0,0,-8,0,-20,11,8,8,8,3,2,22,17,21,21,26,26,25,22,25,25,30,16,14,19,33,18,22,13,16,16,16,9,15,12,12,13,25,12,20,8,13,19,46,5,9,0,9,0,0,0,0,0,0,0,0,0,0,0,14,14,72,72,140,140,130,100,130,135,116,127,124,120,192,198,245,231,364,133,124,0,107,0,72,0,101,0,72,0,4,0,132,132,143,128,129,107,179,170,180,157,157,108,629,595,460,479,1670,1624,2267,1553,29968,5631,5470,4641]} 1. Nf3 d5 2. c4 e6 3. g3 Nf6 4. Bg2 Be7 5. O-O O-O 6. b3 b6 7. Bb2 Bb7 8. e3 c5 9. Nc3 dxc4 10. bxc4 Nc6 11. Qe2 a6 12. Rfd1 Qc7 13. Rab1 Rab8 14. Ba1 Rfd8 15. d3 {A14: English Opening: 1...e6 with b3 by White} Na5 (15... Ba8 16. h3 Na7 17. a4 Nc6 18. g4 Nb4 19. g5 Ne8 20. h4 Nd6 21. e4 Nb7 22. Na2 Nxa2 23. Qxa2 {½-½ (33) Li,C (2711)-Kryvoruchko,Y (2710) Germany 2015}) 16. h3 Bc6 $146 ({Predecessor:} 16... Nd7 17. g4 Bf6 18. h4 Ne5 19. Nxe5 Bxe5 20. f4 Bxg2 21. Qxg2 Bxc3 22. Bxc3 {½-½ (30) Bischoff,K (2395)-Pachman,L (2440) Bad Neuenahr 1984}) 17. e4 {The position is equal.} Nd7 18. Nd5 exd5 19. exd5 Bf6 {White must now prevent ...Ba4.} 20. dxc6 Nxc6 21. d4 Re8 22. Qc2 cxd4 23. Nxd4 Nxd4 24. Bxd4 Bxd4 25. Rxd4 Nf6 26. Qd3 h6 27. Rd1 Qc5 28. Bf3 Re6 29. Bd5 Re7 30. Rf4 {aiming for Rxf6!} Nxd5 31. cxd5 Rd7 32. Rd4 b5 33. d6 Rbd8 34. Rd2 g6 35. Qe3 Kg7 36. Kh2 b4 37. h4 a5 38. Rd1 Qf5 39. Kg1 Qe6 40. Qd2 h5 41. Rd5 Qf6 42. Rd3 Kh7 43. Rd4 Kg7 44. Kg2 Kg8 45. Qd3 Kg7 (45... Rc8 $11) 46. Qa6 $1 $16 a4 (46... Qf5 $142) 47. Rxb4 Rxd6 48. Rxd6 Rxd6 49. Qxa4 {[%mdl 4096] Endgame KQR-KQR} Rd2 50. Rf4 Qe6 51. a3 $1 Ra2 (51... Qd5+ $16 52. Qe4 Qxe4+ 53. Rxe4 Rd3) 52. Qd4+ $1 $18 Kh7 53. Rf6 Qb3 (53... Qe7 $142 54. Qd5 Qxf6 55. Qxa2 Kg7) 54. Rf3 $2 (54. Rb6 $1 $18 {[%cal Rb6b3]} Rd2 55. Qxd2 (55. Rxb3 Rxd4 56. Rb4 Rd7 $16) 55... Qxb6 56. Qd7) 54... Qb7 $16 55. Qc3 ({White should play} 55. Qb4 $1 $16 {[%cal Rb4b7]} Qd5 56. Qb3 Qxb3 57. Rxb3) 55... Kg8 (55... Rb2 $1 $11) 56. Qe3 (56. Kh2 $16) 56... Kh7 (56... Rb2 $1 $11) 57. Qc3 Kg8 58. Qe3 Kh7 {[#]} 59. Qc1 (59. Qb3 $1 $16 Qxb3 60. Rxb3) 59... Kg8 60. Qc5 Ra1 (60... Rb2 $11 {remains equal.} 61. Qc3 f5) 61. Qb4 $1 {[%cal Rb4b7]} Qxb4 62. axb4 {KR-KR} Rb1 63. Rf4 Kg7 (63... Kf8 $16 {was worth a try.}) 64. Kf3 $1 $18 f6 65. Ke3 $1 g5 66. Rc4 $1 Kg6 $2 {[%mdl 8192] [#]} (66... Kf7 $16) 67. Kd4 $1 {[%cal Rd4c5]} Rb2 {[#]} 68. Kc5 $1 Rxf2 (68... Kf7 $142 69. b5 Ke8) 69. b5 {[%cal Bb4b5,Bb5b6,Bb6b7][%mdl 32]} Re2 70. b6 gxh4 71. gxh4 {Played: b6-b7} 1-0

[Event "Hunan Belt and Road Open 2019"]
[Site "Hunan"]
[Date "2019.07.31"]
[Round "3.14"]
[White "Dai, Changren"]
[Black "Matlakov, Maxim"]
[Result "0-1"]
[WhiteElo "2510"]
[BlackElo "2701"]
[Annotator "TA"]
[PlyCount "94"]
[EventDate "2019.07.29"]
[EventType "swiss"]
[EventCountry "CHN"]
[SourceTitle "playchess.com"]
[Source "ChessBase"]
[SourceQuality "1"]

{[%evp 12,94,13,17,32,24,22,0,13,-1,14,6,0,-3,-11,-58,-47,-64,-64,-60,-54,-73,-64,-72,-23,-20,-25,-12,0,-17,-14,-113,-102,-105,-98,-87,-84,-97,-79,-91,0,0,0,-160,-156,-160,-112,-100,-116,-116,-106,-114,-104,-158,-143,-157,-125,-127,-127,-125,-128,-127,-117,-264,-202,-175,-127,-152,-141,-148,-143,-297,-291,-281,-277,-336,-123,-229,-229,-825,-776,-1083,-522,-1536,-1225]} 1. e4 c5 2. Nf3 d6 3. d4 cxd4 4. Nxd4 Nf6 5. Nc3 a6 6. h3 e6 7. g4 Nfd7 {B81: Sicilian Scheveningen: Keres Attack} (7... h6 8. Bg2 g5 9. Be3 Nbd7 10. Qe2 Ne5 11. O-O-O Nfd7 12. h4 Rg8 13. hxg5 hxg5 14. Kb1 b5 15. f4 gxf4 16. Bxf4 Bb7 {½-½ (56) Karjakin,S (2773)-Mamedyarov,S (2801) Saint Louis 2018}) 8. Bg2 Be7 9. Nce2 h5 {The position is equal.} 10. gxh5 Nf6 $146 ({Predecessor:} 10... Qa5+ 11. c3 Qxh5 12. Be3 Ne5 13. Ng3 Qxd1+ 14. Rxd1 Nbd7 15. f4 Ng6 16. O-O {½-½ (42) Marczuk,D (2278)-Freitag,M (2382) Graz 2018}) 11. Be3 Qa5+ 12. c3 Nxh5 13. O-O g5 14. b4 Qc7 15. c4 Nd7 16. Rc1 Ne5 17. Nf3 Rg8 18. c5 $1 Nxf3+ 19. Bxf3 Nf4 20. cxd6 Qxd6 21. Bxf4 (21. Qxd6 $11 Bxd6 22. Rfd1 Bxb4 23. e5) 21... gxf4+ $17 22. Kh2 e5 23. Qxd6 Bxd6 24. Nc3 Rh8 25. Rfd1 Bxb4 (25... Rh6 $17) 26. Nd5 $11 Ba5 27. Rc5 $2 {[#]} (27. Bg4 $1 $11 Be6 28. Bxe6 fxe6 29. Nc7+ Bxc7 30. Rxc7) 27... Bd8 $1 $17 ({Not} 27... Rxh3+ 28. Kg2 $11) 28. Bg2 Bd7 29. Nc7+ Bxc7 $1 30. Rxc7 {[%mdl 64] Double Attack} Bc6 31. Bf3 Kf8 32. Be2 (32. Rg1 $142) 32... Bxe4 33. Bc4 Bg6 34. Rdd7 Rh7 35. Rxb7 e4 36. Rd6 {Threatens to win with Rxg6!} Kg7 37. Re7 (37. Rxa6 $17 Rah8 38. Bf1) 37... Rah8 38. Bf1 Bf5 {[%cal Rf5h3]} 39. Re5 Rh5 40. Rxa6 f6 41. Re7+ $2 (41. Rc5 $17) 41... Kg6 $19 {[%cal Rf5h3]} 42. Raa7 {[#]} Rd8 $1 43. a4 Kg5 $2 (43... Rd2 $19 {is more deadly. Strongly threatening ...e3.} 44. Ra8 Rh7 45. Rxh7 Kxh7) 44. Rg7+ (44. Ra5 $17) 44... Kh4 45. Ra6 $2 (45. Be2 f3 46. Rae7) 45... Rd2 {Black is clearly winning.} 46. Kg1 Rh6 (46... Rd1 $142 47. Rxf6 Rg5+ {[%mdl 64] Double Attack} 48. Kh2 Rxg7 49. Rxf5 Rxf1 50. Rxf4+ Kh5) 47. Rg2 Rd1 {Accuracy: White = 36%, Black = 60%.} 0-1

[Event "Hunan Belt and Road Open 2019"]
[Site "Hunan"]
[Date "2019.07.31"]
[Round "3.15"]
[White "Bilguun, Sumiya"]
[Black "Najer, Evgeniy"]
[Result "1-0"]
[WhiteElo "2482"]
[BlackElo "2678"]
[Annotator "TA"]
[PlyCount "41"]
[EventDate "2019.07.29"]
[EventType "swiss"]
[EventCountry "CHN"]
[SourceTitle "playchess.com"]
[Source "ChessBase"]
[SourceQuality "1"]

{[%evp 13,104,8,21,16,19,0,0,22,20,8,52,0,46,41,78,65,85,85,76,72,133,134,137,146,152,142,160,128,277,99,100,97,106,112,105,111,131,122,107,92,122,95,199,182,239,233,320,325,309,273,302,205,344,343,329,322,372,396,571,566,596,588,588,490,544,531,845,812,780,750,700,659,660,655,593,259,2484,4712,4133,2143,6087,6095,6086,6079,5517,5612,6135,6095,6070,5997,5501,5389,1559]} 1. e4 e5 2. Nf3 Nc6 3. Bc4 Bc5 4. O-O Nf6 5. d3 d6 6. c3 a5 7. a4 O-O 8. h3 {C54: Giuoco Piano: 4 c3 Nf6, main lines with 5 d4 and 5 d3} Be6 9. Nbd2 {[%cal Bb1d2,Bd2f3,Bf3h2,Bh2g4][%mdl 32]} Qc8 10. Re1 {The position is equal.} h6 11. b3 Nh5 $146 ({Predecessor:} 11... Re8 12. Bb2 d5 13. exd5 {½-½ (13) Hracek,Z (2610)-Predojevic,B (2614) Mali Losinj 2017}) 12. Nh4 (12. Nf1 $14) 12... Nf4 13. Ndf3 Ba7 14. Bxf4 exf4 15. d4 $36 {[%mdl 2048] Threatens to win with d5. Black is under strong pressure.} Ne7 16. Nh2 d5 (16... c6 $142) 17. exd5 $16 Nxd5 18. Bxd5 Bxd5 19. Qh5 $1 {[%cal Rh5d5]} Be6 ({Don't blunder} 19... Bxb3 $2 20. Nf5) 20. Ng4 $1 {[%cal Rg4h6]} Re8 (20... Bxg4 $16 {might work better.} 21. hxg4 Qd8) 21. Nxh6+ {Played: Nh4-f5} 1-0

[Event "Hunan Belt and Road Open 2019"]
[Site "Hunan"]
[Date "2019.07.31"]
[Round "3.16"]
[White "Motylev, Alexander"]
[Black "Zhao, Yuanhe"]
[Result "1-0"]
[WhiteElo "2654"]
[BlackElo "2448"]
[Annotator "TA"]
[PlyCount "61"]
[EventDate "2019.07.29"]
[EventType "swiss"]
[EventCountry "CHN"]
[SourceTitle "playchess.com"]
[Source "ChessBase"]
[SourceQuality "1"]

{[%evp 15,61,31,24,23,27,27,19,20,22,33,29,28,26,19,27,20,31,22,26,0,25,27,32,16,104,95,194,192,297,264,292,289,311,314,318,315,350,336,814,814,806,799,733,732,732,543,1250,1228]} 1. e4 e5 2. Nf3 Nf6 3. Nxe5 d6 4. Nf3 Nxe4 5. Nc3 Nxc3 6. dxc3 Be7 7. Be3 Nc6 8. Qd2 Be6 9. O-O-O {C42: Petroff Defence: 3 Nxe5 and unusual White 3rd moves} Qd7 ({Avoid the trap} 9... Bxa2 $2 10. b3 $18) 10. Kb1 (10. h3 Bf6 11. g4 h6 12. Bg2 O-O-O 13. b3 g5 14. Nd4 Nxd4 15. cxd4 d5 16. f4 gxf4 17. Bxf4 {½-½ (39) Cheparinov,I (2679)-Wang,Y (2684) China 2019}) 10... Bf6 11. h4 {The position is equal.} h6 12. Nd4 Nxd4 13. Bxd4 Bxd4 14. Qxd4 O-O 15. Be2 Qc6 $146 ({Predecessor:} 15... Rae8 16. Bf3 Qb5 {1-0 (60) Doroshenko,V (2373)-Norchenko,K (2343) ICCF email 2014}) 16. Bf3 Qb6 17. Qd2 Rae8 18. g4 f6 19. Rhg1 Re7 (19... c6 $11) 20. b3 a5 {[#]} (20... Bc4 $16 {keeps fighting.}) 21. Rde1 $1 $18 {[%cal Re1e6] Hoping for Rxe6!} Rff7 (21... c6 $142) 22. Re3 Kf8 23. Qd3 {And now Qh7 would win.} Bd7 24. Bd5 Rxe3 25. fxe3 Re7 26. Qh7 {[%cal Rh7h8]} Be6 $2 (26... Re5) 27. g5 {White is clearly winning.} fxg5 28. Qh8+ ({Weaker is} 28. Rf1+ Ke8 $18) 28... Kf7 29. Rf1+ Kg6 30. Qf8 {Intending Bxe6 and mate.} Qb5 {[#]} 31. h5+ $1 {[%mdl 512] Accuracy: White = 85%, Black = 48%.} 1-0

[Event "Hunan Belt and Road Open 2019"]
[Site "Hunan"]
[Date "2019.07.31"]
[Round "3.17"]
[White "Khademalsharieh, Sarasadat"]
[Black "Lupulescu, Constantin"]
[Result "1/2-1/2"]
[WhiteElo "2481"]
[BlackElo "2649"]
[Annotator "TA"]
[PlyCount "57"]
[EventDate "2019.07.29"]
[EventType "swiss"]
[EventCountry "CHN"]
[SourceTitle "playchess.com"]
[Source "ChessBase"]
[SourceQuality "1"]

{[%evp 11,57,0,0,6,1,-1,31,16,20,4,7,22,12,0,3,0,3,0,0,-8,-4,-8,0,0,22,2,0,0,0,0,9,0,-11,-45,0,0,0,0,19,20,30,22,25,18,18,26,28,21]} 1. d4 $146 ({Predecessor:} 1. c4 e6 2. Nf3 Nf6 {½-½ (42) Hansen,E (2584)-Cruz,C (2529) Linares 2013}) 1... Nf6 2. c4 e6 3. Nf3 Bb4+ 4. Bd2 Qe7 5. Nc3 O-O 6. g3 d5 7. a3 {E11: Bogo-Indian} Bxc3 $1 8. Bxc3 {And now Bb4 would win.} Ne4 9. Qc2 {White is slightly better.} c5 10. Bg2 Nxc3 11. Qxc3 cxd4 12. Qxd4 Nc6 13. Qc3 dxc4 14. O-O e5 15. Qxc4 Be6 16. Qc3 Bg4 17. Rac1 f5 18. h3 Bh5 19. Rfe1 Rad8 20. b4 a6 21. Nd2 e4 22. Qe3 Rd5 23. Nb3 Rfd8 24. f3 Bg6 25. fxe4 fxe4 26. Rf1 a5 27. Nxa5 Nxa5 28. bxa5 Rxa5 29. Qb3+ {Accuracy: White = 48%, Black = 60%.} 1/2-1/2

[Event "Hunan Belt and Road Open 2019"]
[Site "Hunan"]
[Date "2019.07.31"]
[Round "3.18"]
[White "Xu, Jun"]
[Black "Narayanan.S.L"]
[Result "0-1"]
[WhiteElo "2477"]
[BlackElo "2616"]
[Annotator "TA"]
[PlyCount "110"]
[EventDate "2019.07.29"]
[EventType "swiss"]
[EventCountry "CHN"]
[SourceTitle "playchess.com"]
[Source "ChessBase"]
[SourceQuality "1"]

{[%evp 9,110,0,24,17,27,27,12,21,18,25,19,20,22,0,0,0,0,0,22,16,15,20,9,6,18,31,18,10,0,0,12,0,0,0,15,0,0,0,0,0,0,0,0,-20,-6,-33,-11,-14,-14,-13,-13,-9,-5,-10,-8,-19,-5,-15,-6,-54,-55,-55,-55,-54,-54,-54,-53,-47,-55,-55,-60,-69,-68,-68,-53,-66,-47,-83,-45,-45,-45,-45,-45,-47,-47,-52,0,-52,-12,-34,-26,-26,-26,-33,-24,-45,-45,-45,-34,-45,-45,-45,-47]} 1. d4 Nf6 2. c4 e6 3. Nf3 d5 4. g3 Bb4+ 5. Bd2 Bd6 (5... Be7 6. Bg2 O-O 7. O-O Nbd7 8. Qc2 c6 9. Rc1 b6 10. cxd5 cxd5 11. Qd1 Bb7 12. a3 a6 13. Bf4 Rc8 14. Nbd2 Rxc1 15. Rxc1 Qa8 16. Ne5 Nxe5 17. Bxe5 {½-½ (41) Mamedyarov,S (2790)-Radjabov,T (2756) Shamkir 2019}) 6. Nc3 {E01: Catalan: Early deviations} O-O 7. Bg5 Be7 8. Bg2 {The position is equal.} Nbd7 9. Qd3 h6 {[#] Hoping for ...dxc4.} 10. Bf4 c5 $146 ({Predecessor:} 10... c6 11. O-O b6 12. cxd5 cxd5 {0-1 (56) Studer,N (2476)-Grandelius,N (2647) Caleta 2018}) 11. cxd5 Nxd5 12. Nxd5 exd5 13. b3 cxd4 14. O-O Nc5 15. Qxd4 Bf5 16. Be3 Be4 17. Qd2 a5 18. Bh3 Ne6 19. Nd4 Ng5 {[%cal Rg5h3]} 20. Bf5 Bb4 21. Qb2 Qf6 22. Bxg5 hxg5 23. Bxe4 dxe4 24. e3 Bc5 25. Rac1 b6 26. Rc2 Rad8 {[%cal Rc5d4]} 27. Ne2 Qf3 28. a3 Rd3 29. b4 axb4 30. axb4 Be7 31. Nd4 Qg4 32. Rc6 Bf6 33. Qe2 ({Reject} 33. Rxb6 Bxd4 34. exd4 e3 $17) 33... Qd7 34. Rfc1 Bxd4 35. exd4 Re8 ({Much worse is} 35... Qxd4 36. R6c4 $11) 36. Rxb6 Qxd4 37. Rbc6 Qxb4 38. Rc8 Rdd8 39. Rxd8 Rxd8 $15 {[%mdl 4096] Endgame KQR-KQR} 40. Rc4 {[%mdl 64] [#] Double Attack} Qb1+ 41. Kg2 Re8 $1 42. Qe3 g4 43. Rd4 Qb6 44. h3 gxh3+ 45. Kxh3 Qc6 46. Kg2 Re6 47. Kg1 Re8 48. Kg2 g6 49. Kg1 Qb5 50. Kg2 Qf5 51. Rd1 g5 52. Rd4 Kg7 {Black is slightly better.} 53. Rd1 Rh8 {( -> ...Qh3+)} 54. Kg1 f6 55. Qa7+ Kg6 {Accuracy: White = 64%, Black = 69%.} 0-1

[Event "Hunan Belt and Road Open 2019"]
[Site "Hunan"]
[Date "2019.07.31"]
[Round "3.19"]
[White "Zhou, Jianchao"]
[Black "Raja Harshit"]
[Result "1-0"]
[WhiteElo "2608"]
[BlackElo "2434"]
[Annotator "TA"]
[PlyCount "72"]
[EventDate "2019.07.29"]
[EventType "swiss"]
[EventCountry "CHN"]
[SourceTitle "playchess.com"]
[Source "ChessBase"]
[SourceQuality "1"]

{[%evp 23,72,0,49,54,68,39,60,52,144,151,155,156,131,141,148,147,141,141,144,124,149,91,147,136,153,153,154,145,156,132,142,148,164,128,122,104,137,112,101,100,106,105,107,0,163,147,155,-195,219,0,156]} 1. d4 Nf6 2. c4 e6 3. Nf3 d5 4. Nc3 dxc4 5. e3 a6 6. Bxc4 c5 7. O-O b5 8. Bb3 Bb7 9. Qe2 Nbd7 10. Rd1 Qc7 11. e4 cxd4 12. Nxd4 Nc5 13. e5 {D29: Queen's Gambit Accepted: Classical main line: 7 Qe2 with early ...Nbd7} (13. Bg5 Bd6 14. Rac1 Bxh2+ 15. Kh1 Be5 16. Bxf6 gxf6 17. Ncxb5 Qe7 18. Rxc5 Qxc5 19. Nxe6 fxe6 20. Qh5+ Ke7 21. Bxe6 Kxe6 {½-½ (33) Christiansen,L (2620)-Anand,V (2710) Las Palmas 1993}) 13... Nfd7 14. Bf4 b4 15. Na4 {[#] White is slightly better.} Be7 $146 (15... Nxb3 $14 16. axb3 Bd5) ({Predecessor:} 15... Nxb3 16. axb3 Bd5 17. Nf5 Qc6 18. Qd2 Rd8 19. Bg5 Rb8 20. Rac1 Qb7 {1-0 (41) Hoi,C (2435)-Hansen,L (2565) Denmark 1996}) 16. Rac1 $16 Qa5 17. Nxc5 Nxc5 {[#]} 18. Qg4 $1 O-O 19. Bh6 $1 {[%csl Gh6][%cal Rg4g7]} g6 20. Bxf8 Rxf8 21. Bc4 Rd8 22. Nf3 ({Better is} 22. Qf4) 22... Rxd1+ (22... Nd7 $142) 23. Rxd1 Qa4 24. Nd4 Kg7 25. Re1 Qd7 26. Qd1 Qc7 27. Qe2 Bh4 28. Nf3 Be7 29. Qd1 Qb6 30. Nd2 Qc6 {[%csl Gb7][%cal Rc6g2] [#]} 31. Qf3 Qd7 32. Qe2 Qc6 {[%csl Gb7][%cal Rc6g2]} 33. Nf3 ({White should play} 33. f3 $16) 33... g5 $2 (33... Qc7 $1 $11) 34. h3 h6 35. h4 $2 (35. Rd1 $16) 35... h5 $4 {[%mdl 8192]} (35... g4 $19 {avoids the disaster.} 36. Kh2 gxf3 37. gxf3 Kf8) 36. Rd1 $2 (36. hxg5 $18 {Strongly threatening b3.} a5 37. Kf1) 36... Na4 $2 {Accuracy: White = 27%, Black = 38%.} (36... g4 $11 37. Ne1 Bxh4) 1-0

[Event "Hunan Belt and Road Open 2019"]
[Site "Hunan"]
[Date "2019.07.31"]
[Round "3.20"]
[White "Ju, Wenjun"]
[Black "Gusain, Himal"]
[Result "1/2-1/2"]
[WhiteElo "2595"]
[BlackElo "2407"]
[Annotator "TA"]
[PlyCount "28"]
[EventDate "2019.07.29"]
[EventType "swiss"]
[EventCountry "CHN"]
[SourceTitle "playchess.com"]
[Source "ChessBase"]
[SourceQuality "1"]

{[%evp 9,28,19,28,30,31,27,33,27,34,23,61,60,73,40,60,35,35,29,57,11,0]} 1. d4 d5 2. c4 e6 3. Nf3 Nf6 4. g3 dxc4 5. Bg2 Bd7 6. O-O {E04: Open Catalan: 5 Nf3} (6. Ne5 Bc6 7. Nxc6 Nxc6 8. e3 Bb4+ 9. Nd2 e5 10. O-O Bxd2 11. Bxd2 exd4 12. Rc1 O-O 13. Rxc4 Nd5 14. exd4 Qd7 15. Bg5 h6 16. Rc5 {½-½ (26) Wojtaszek,R (2722)-Vitiugov,N (2726) Prague 2019}) 6... Bc6 7. Qc2 {[%mdl 1024] White has compensation.} b5 8. Nc3 {White is slightly better.} a6 9. e4 Be7 $146 ({Predecessor:} 9... Bb7 10. Rd1 Nbd7 11. Bg5 {½-½ (11) Fortune,J (2200)-Daskal,Y (2202) ICCF email 2014}) 10. Rd1 O-O 11. d5 exd5 12. Nxd5 Bxd5 13. exd5 Nbd7 14. Nd4 {[#] Hoping for Nc6.} Ne5 1/2-1/2

[Event "Hunan Belt and Road Open 2019"]
[Site "Hunan"]
[Date "2019.07.31"]
[Round "3.21"]
[White "Xu, Xiangyu"]
[Black "Lin, Yi"]
[Result "1/2-1/2"]
[WhiteElo "2585"]
[BlackElo "2406"]
[Annotator "TA"]
[PlyCount "65"]
[EventDate "2019.07.29"]
[EventType "swiss"]
[EventCountry "CHN"]
[SourceTitle "playchess.com"]
[Source "ChessBase"]
[SourceQuality "1"]

{[%evp 12,65,32,8,5,0,-12,-8,0,-12,-12,-8,17,19,18,18,18,10,18,12,15,13,28,0,0,0,12,14,11,8,9,9,8,11,11,0,0,0,0,-41,-41,-73,-73,-77,-81,-64,-60,-80,-75,-69,-37,-61,-67,-63,-64,-84]} 1. Nf3 Nf6 2. c4 g6 3. Nc3 d5 4. cxd5 Nxd5 5. Qb3 Nb6 6. d4 Bg7 7. e4 Bg4 {D90: Grünfeld: 4 Nf3 Bg7 sidelines} 8. Bb5+ c6 9. Ng5 O-O $1 {The position is equal.} 10. Be2 Bxe2 11. Nxe2 c5 (11... Na6 12. Qh3 h6 13. Nf3 h5 14. Rg1 Nb4 15. g4 {1-0 (31) Wojtaszek,R (2745)-Mamedyarov,S (2772) Shamkir 2017}) 12. dxc5 {[#] Hoping for 0-0.} N6d7 $1 {[%cal Rd7c5]} 13. Qxb7 Qa5+ 14. Bd2 ({Reject} 14. Kf1 Na6 $17) 14... Qa6 15. Qxa6 Nxa6 {[#]} 16. c6 $146 Ndc5 17. O-O Bxb2 18. Rab1 Bf6 19. Nf3 {Strongly threatening e5.} Nxe4 20. Be3 Rfc8 21. Rfc1 Rab8 22. Rxb8 Nxb8 23. c7 Na6 $1 24. Rc6 Nxc7 25. Bxa7 {[#] Threatens to win with Bb6.} Rd8 {( -> ...Rd1+)} 26. g4 Nd5 27. Rc4 Ra8 28. Rxe4 {Be3 is the strong threat.} Rxa7 29. g5 Bg7 30. a4 f5 {Black is slightly better.} 31. Rc4 Nb6 32. Rc6 Nxa4 33. Nf4 {Accuracy: White = 58%, Black = 74%.} 1/2-1/2

[Event "Hunan Belt and Road Open 2019"]
[Site "Hunan"]
[Date "2019.07.31"]
[Round "3.22"]
[White "Wang, Chen"]
[Black "Lagno, Kateryna"]
[Result "1/2-1/2"]
[WhiteElo "2476"]
[BlackElo "2549"]
[Annotator "TA"]
[PlyCount "43"]
[EventDate "2019.07.29"]
[EventType "swiss"]
[EventCountry "CHN"]
[SourceTitle "playchess.com"]
[Source "ChessBase"]
[SourceQuality "1"]

{[%evp 23,43,4,2,5,2,0,0,-8,0,-123,-7,-14,-14,-16,-12,-17,0,0,9,10,17,7]} 1. e4 e5 2. Nf3 Nc6 3. Nc3 Nf6 4. d4 exd4 5. Nxd4 Bb4 6. Nxc6 bxc6 7. Bd3 d5 8. exd5 cxd5 9. O-O O-O 10. Bg5 c6 11. Qf3 Bd6 12. Bxf6 Qxf6 13. Qxf6 {C47: Scotch Four Knights and Four Knights with 4 g3} gxf6 14. Ne2 c5 {...c4 is the strong threat.} (14... Rb8 15. Rab1 Re8 16. Ng3 h6 17. Nf5 Bxf5 18. Bxf5 Rb7 19. Bd3 Be5 20. Rfe1 Kf8 {½-½ (31) Ni,H (2674)-Rapport,R (2707) China 2017}) 15. Ng3 Be6 16. Nf5 $146 {[#]} (16. b3 $11) ({Predecessor:} 16. c3 Rab8 17. Rab1 Rb6 18. Nh5 Rfb8 19. f4 c4 20. f5 Be5 21. fxe6 fxe6 22. Bxc4 dxc4 23. Nxf6+ Bxf6 24. Rxf6 Rxb2 25. Rxb2 Rxb2 26. Rxe6 Rxa2 {½-½ (37) Klyuner,V (2448)-De Jong,J (2437) Netherlands 2011}) 16... Bc7 ({Black should play} 16... c4 $1 $17 {Hoping for ...Bc5.} 17. Nxd6 cxd3 18. cxd3 Rab8) 17. c3 {The position is equal.} Rfe8 18. Rfe1 Rab8 19. Rab1 Bb6 20. Kf1 c4 21. Bc2 Bc5 22. Red1 1/2-1/2